000 01421ngm a22004450a 4500
001 PT47339
003 AR-LpoUNG
005 20210202000014.0
007 vd cvaizq
008 191001s2007||||ag |||||||||||||||||spa d
037 _c$2.65
040 _aAR-LpoUNG
_bspa
_cAR-LpoUNG
_eaacr
041 _aspa
044 _aag
082 0 _a982.05 594vue
100 1 _aAnguita, Eduardo
_edir.
245 1 3 _aLa vuelta de Osvaldo Bayer
260 _aBuenos Aires :
_bMiradas al sur,
_c2007.
300 _aDVD (60 min.) : son., col.
505 0 _aGuión: Eduardo Anguita y Emiliano Costa
520 _aA casi 40 años de la investigación sobre los sucesos trágicos de la Patagonia en los años 1921/1922 Osvaldo Bayer vuelve a recorrer los escenarios de esos hechos, para indagar en la memoria de los pueblos, y de sus protagonistas y documentar que si bien en la historia se puede mentir, finalmente siempre triunfa la verdad.
650 4 _aANALISIS HISTORICO
650 4 _aARGENTINA
650 4 _aDICTADURA
650 4 _aGOBIERNO MILITAR
650 4 _aHISTORIA
650 4 _aHISTORIA POLITICA
650 4 _aHISTORIA SOCIAL
650 4 _aINVESTIGACION
650 4 _aVIOLENCIA
651 4 _aArgentina
653 _aBAYER, OSVALDO
653 _aCINE ARGENTINO
653 _aDOCUMENTALES
653 _aDVD
653 _aTESTIMONIOS
653 _aVIDEOS
905 _a47339
942 _cDVD
999 _c53949
_d53949